00794nam a2200205Ia 4500003000900000008004100009020001800050040001600068080001600084245015900100260005000259300001500309650002700324650001600351650002700367700003400394942000700428999001700435952013600452IN-BaIIA211028s9999 xx 000 0 eng d a1-56396-188-1 cIIA Library a5(082)bSTR 4aThe physical reviewbthe first hundred years, a selection of seminar papers and commentariescedited by H. Henry Stroke  aNew YorkbAmerican Institute of Physicsc1955 axix, 1266p aPhysical review921098 aPhysics973 aStroke,H. Henry921099 aStroke, H. Henry., ed.921100 cBK c12110d12110 00104070aBANbBANcGENd1997-05-25g3283.00l0o5(082)/ STRp13026r2021-11-05v3283.00w1997-05-25yBKGRs. 3283.00